MARC
| LEADER | 00000 a a2200000 04500 | ||
|---|---|---|---|
| 001 | 10894 | ||
| 003 | |||
| 040 | |||
| 100 | |a Wedderburn, Judith | ||
| 245 | |a Cambio de mando en Jamaica / |c Judith Wedderburn | ||
| 650 | |a ELECCIONES | ||
| 650 | |a PARTIDOS POLITICOS | ||
| 650 | |a GOBIERNO | ||
| 650 | |a JAMAICA | ||
| 773 | |g número 212; páginas 15-21 | ||
| 999 | |c 34777 |d 34777 | ||
